| 000 | 00358nam a22001457a 4500 | ||
|---|---|---|---|
| 003 | SGT | ||
| 082 |
_a617.645 _bA21G |
||
| 100 | _aGupta, Snigdha | ||
| 245 | _aAnticipatory guidance in prevention... | ||
| 260 |
_aGurugram, Haryana _bSGT University _c2021 |
||
| 300 | _a74 | ||
| 650 | _aPediatric Dentistry | ||
| 653 | _aPediatric Dentistry | ||
| 942 |
_2ddc _cTH |
||
| 999 |
_c23639 _d23639 |
||